00510nam a2200193 a 4500001001300000003000900013005001700022008004100039020001000080082001500090100003000105245003300135260003200168300000900200500003500209505002800244650001400272700003000286nice12345678IN_TiNIC20260116011512.0050524s0000 lona grp 000 0 eng  ac10000a232.4bHIT aHitchcock, F R Montgomery aAtonement and Modern Thought aLondonbDarton and Coc0000 a343p aincludes index and biblioraphy2 aIll, Bibliogy and Index aAtonement1 aHitchcock, F R Montgomery